[Event "Shropshire Chess Congress 2019"]
[Site "Telford"]
[Date "2019.01.06"]
[Round "4"]
[White "Maciol, Ryszard"]
[Black "Walton, Alan J"]
[Result "1-0"]
[WhiteElo "2163"]
[BlackElo "2149"]
[Annotator "NA"]
[PlyCount "63"]
[EventDate "2019.01.04"]
[EventType "swiss"]
[EventCountry "GBR"]
[SourceTitle "playchess.com"]
[Source "ChessBase"]
[SourceQuality "1"]
[TimeControl "5400+30"]

1. d4 {[%emt 0:04:50]} e6 {[%emt 0:00:00]} 2. c4 {[%emt 0:00:16]} f5 {[%emt 0:00:00]} 3. g3 {[%emt 0:00:17]} Nf6 {[%emt 0:00:00]} 4. Bg2 {[%emt 0:00:08]} Be7 {[%emt 0:00:13]} 5. Nf3 {[%emt 0:00:19]} d6 {[%emt 0:00:05]} 6. O-O {[%emt 0:00:20]} O-O {[%emt 0:00:05]} 7. Nc3 {[%emt 0:01:34]} Ne4 {[%emt 0:00:07]} 8. Qc2 {[%emt 0:03:07]} Nxc3 {[%emt 0:00:05]} 9. Qxc3 {[%emt 0:02:19]} a5 {[%emt 0:01:23]} 10. Qc2 {[%emt 0:01:58]} Qe8 {[%emt 0:05:18]} 11. Bd2 {[%emt 0:03:29]} Bf6 {[%emt 0:03:31]} 12. Bc3 {[%emt 0:04:20]} Qg6 {[%emt 0:00:25]} 13. Rfd1 {[%emt 0:03:43]} Nd7 {[%emt 0:05:41]} 14. Qd2 {[%emt 0:01:08]} a4 {[%emt 0:00:38]} 15. b4 {[%emt 0:06:50]} Nb6 {[%emt 0:05:48]} 16. Qd3 {[%emt 0:00:29]} Re8 {[%emt 0:07:49]} 17. Ne1 {[%emt 0:08:04]} d5 {[%emt 0:02:26]} 18. cxd5 {[%emt 0:06:33]} exd5 {[%emt 0:02:28]} 19. Nf3 {[%emt 0:00:48]} Nc4 {[%emt 0:07:31]} 20. Ne5 {[%emt 0:05:26]} Bxe5 {[%emt 0:00:20]} 21. Bxd5+ {[%emt 0:00:20]} Be6 {[%emt 0:03:37]} 22. dxe5 {[%emt 0:01:59]} Nb6 {[%emt 0:02:16]} 23. Bxb7 {[%emt 0:00:45]} Rad8 {[%emt 0:00:36]} 24. Qc2 {[%emt 0:12:07]} Nd5 {[%emt 0:04:53]} 25. b5 {[%emt 0:01:03]} Nxc3 {[%emt 0:05:43]} 26. Qxc3 {[%emt 0:00:12]} Rxd1+ {[%emt 0:00:06]} 27. Rxd1 {[%emt 0:00:03]} Bxa2 {[%emt 0:00:07]} 28. Qxc7 {[%emt 0:00:58]} f4 {[%emt 0:00:48]} 29. Bc6 {[%emt 0:01:51]} Rf8 {[%emt 0:00:24]} 30. Rd8 {[%emt 0:01:05]} fxg3 {[%emt 0:01:18]} 31. Rxf8+ {[%emt 0:00:10]} Kxf8 {[%emt 0:00:04]} 32. Qd8+ {[%emt 0:00:19]} 1-0

[Event "Shropshire Chess Congress 2019"]
[Site "Telford"]
[Date "2019.01.06"]
[Round "4"]
[White "Sygnowski, Tomasz"]
[Black "Ansari, Athar"]
[Result "1-0"]
[WhiteElo "2143"]
[BlackElo "1893"]
[Annotator "NA"]
[PlyCount "41"]
[EventDate "2019.01.04"]
[EventType "swiss"]
[EventCountry "GBR"]
[SourceTitle "playchess.com"]
[Source "ChessBase"]
[SourceQuality "1"]
[TimeControl "5400+30"]

1. e4 {[%emt 0:00:28]} d5 {[%emt 0:00:00]} 2. exd5 {[%emt 0:01:11]} Qxd5 {[%emt 0:00:00]} 3. Nf3 {[%emt 0:00:44]} Nf6 {[%emt 0:00:22]} 4. Be2 {[%emt 0:03:09]} Bf5 {[%emt 0:00:14]} 5. O-O {[%emt 0:00:28]} c6 {[%emt 0:01:52]} 6. Nc3 {[%emt 0:00:41]} Qa5 {[%emt 0:00:17]} 7. b4 {[%emt 0:00:22]} Qc7 {[%emt 0:00:12]} 8. b5 {[%emt 0:00:36]} e6 {[%emt 0:01:44]} 9. Rb1 {[%emt 0:08:44]} Nd5 {[%emt 0:04:02]} 10. bxc6 {[%emt 0:02:23]} bxc6 {[%emt 0:00:26]} 11. Bb2 {[%emt 0:05:45]} Nd7 {[%emt 0:05:08]} 12. Re1 {[%emt 0:02:19]} Bg4 {[%emt 0:05:37]} 13. h3 {[%emt 0:10:43]} Bh5 {[%emt 0:01:36]} 14. Ng5 {[%emt 0:02:25]} Bxe2 {[%emt 0:08:01]} 15. Qxe2 {[%emt 0:00:23]} Nf4 {[%emt 0:05:20]} 16. Qf3 {[%emt 0:03:32]} h6 {[%emt 0:01:45]} 17. Nb5 {[%emt 0:05:53]} Qc8 {[%emt 0:09:39]} 18. Nxf7 {[%emt 0:01:02]} Kxf7 {[%emt 0:03:30]} 19. Qxf4+ {[%emt 0:00:22]} Nf6 {[%emt 0:00:53]} 20. Nc7 {[%emt 0:03:56]} Rb8 {[%emt 0:01:02]} 21. Nxe6 {[%emt 0:01:31]} 1-0

[Event "Shropshire Chess Congress 2019"]
[Site "Telford"]
[Date "2019.01.06"]
[Round "4"]
[White "Stewart, Ashley"]
[Black "Fajfer, Bartosz"]
[Result "1/2-1/2"]
[WhiteElo "2122"]
[BlackElo "1921"]
[Annotator "NA"]
[PlyCount "142"]
[EventDate "2019.01.04"]
[EventType "swiss"]
[EventCountry "GBR"]
[SourceTitle "playchess.com"]
[Source "ChessBase"]
[SourceQuality "1"]
[TimeControl "5400+30"]

1. c4 {[%emt 0:00:00]} c5 {[%emt 0:00:35]} 2. g3 {[%emt 0:00:00]} g6 {[%emt 0:00:07]} 3. Bg2 {[%emt 0:00:00]} Bg7 {[%emt 0:00:09]} 4. Nc3 {[%emt 0:00:00]} Nc6 {[%emt 0:00:13]} 5. Nf3 {[%emt 0:00:00]} Nf6 {[%emt 0:01:10]} 6. d4 {[%emt 0:00:00]} cxd4 {[%emt 0:00:13]} 7. Nxd4 {[%emt 0:00:00]} O-O {[%emt 0:01:42]} 8. O-O {[%emt 0:00:10]} Nxd4 {[%emt 0:07:56]} 9. Qxd4 {[%emt 0:00:02]} d6 {[%emt 0:00:13]} 10. Qd3 {[%emt 0:02:15]} Nd7 {[%emt 0:06:22]} 11. b3 {[%emt 0:00:50]} Nc5 {[%emt 0:02:56]} 12. Qd2 {[%emt 0:09:11]} a5 {[%emt 0:22:31]} 13. Bb2 {[%emt 0:09:06]} a4 {[%emt 0:01:10]} 14. Nd5 {[%emt 0:03:13]} Bxb2 {[%emt 0:09:58]} 15. Qxb2 {[%emt 0:00:07]} Re8 {[%emt 0:01:10]} 16. b4 {[%emt 0:09:41]} Nd7 {[%emt 0:00:36]} 17. Rfd1 {[%emt 0:03:09]} Nb6 {[%emt 0:05:35]} 18. Ne3 {[%emt 0:03:08]} Qc7 {[%emt 0:00:43]} 19. Rac1 {[%emt 0:05:05]} Be6 {[%emt 0:04:03]} 20. c5 {[%emt 0:07:18]} dxc5 {[%emt 0:00:37]} 21. bxc5 {[%emt 0:03:15]} Nd7 {[%emt 0:00:27]} 22. Qxb7 {[%emt 0:12:29]} Ra7 {[%emt 0:01:29]} 23. Qxc7 {[%emt 0:07:21]} Rxc7 {[%emt 0:00:08]} 24. c6 {[%emt 0:00:13]} Nb8 {[%emt 0:02:39]} 25. a3 {[%emt 0:04:54]} Bb3 {[%emt 0:01:14]} 26. Rd4 {[%emt 0:03:09]} e6 {[%emt 0:00:41]} 27. Rd3 {[%emt 0:08:03]} Kf8 {[%emt 0:03:07]} 28. Rdc3 {[%emt 0:01:56]} Rd8 {[%emt 0:02:42]} 29. Nc4 {[%emt 0:01:48]} Ke7 {[%emt 0:05:40]} 30. Na5 {[%emt 0:01:16]} Bd5 {[%emt 0:01:10]} 31. e4 {[%emt 0:02:19]} Ba2 {[%emt 0:02:44]} 32. R3c2 {[%emt 0:00:24]} Bb3 {[%emt 0:00:23]} 33. Rb2 {[%emt 0:01:40]} e5 {[%emt 0:01:32]} 34. Nxb3 {[%emt 0:01:02]} axb3 {[%emt 0:00:04]} 35. Rxb3 {[%emt 0:00:06]} Nxc6 {[%emt 0:00:48]} 36. Rbc3 {[%emt 0:01:33]} Kd6 {[%emt 0:01:15]} 37. Bf1 {[%emt 0:00:40]} Rdc8 {[%emt 0:04:39]} 38. Ba6 {[%emt 0:00:15]} Nd4 {[%emt 0:00:04]} 39. Rxc7 {[%emt 0:01:44]} Rxc7 {[%emt 0:00:14]} 40. Rxc7 {[%emt 0:01:14]} Kxc7 {[%emt 0:00:01]} 41. Bc4 {[%emt 0:00:15]} f6 {[%emt 0:01:19]} 42. Bg8 {[%emt 0:00:11]} h6 {[%emt 0:00:16]} 43. Bf7 {[%emt 0:00:21]} g5 {[%emt 0:00:14]} 44. Kg2 {[%emt 0:01:11]} Nb5 {[%emt 0:00:22]} 45. Bc4 {[%emt 0:00:32]} Nxa3 {[%emt 0:01:27]} 46. Bd3 {[%emt 0:00:00]} Kc6 {[%emt 0:00:58]} 47. Kh3 {[%emt 0:00:26]} Kc5 {[%emt 0:00:29]} 48. f3 {[%emt 0:01:44]} Kd4 {[%emt 0:00:08]} 49. Ba6 {[%emt 0:00:17]} Ke3 {[%emt 0:03:41]} 50. Kg4 {[%emt 0:00:12]} Nc2 {[%emt 0:00:07]} 51. Kh5 {[%emt 0:01:10]} Kxf3 {[%emt 0:00:12]} 52. Kxh6 {[%emt 0:00:01]} g4 {[%emt 0:00:12]} 53. Kh5 {[%emt 0:00:46]} Ne3 {[%emt 0:00:19]} 54. Kg6 {[%emt 0:00:43]} Kg2 {[%emt 0:05:45]} 55. Kxf6 {[%emt 0:00:02]} Kxh2 {[%emt 0:00:14]} 56. Kxe5 {[%emt 0:00:03]} Kxg3 {[%emt 0:00:14]} 57. Kd4 {[%emt 0:01:17]} Kf4 {[%emt 0:01:06]} 58. e5 {[%emt 0:00:24]} g3 {[%emt 0:00:32]} 59. Bb7 {[%emt 0:00:16]} Nf5+ {[%emt 0:01:00]} 60. Kd3 {[%emt 0:00:10]} Kxe5 {[%emt 0:00:22]} 61. Ke2 {[%emt 0:00:21]} Kf4 {[%emt 0:00:16]} 62. Kf1 {[%emt 0:01:11]} Ne3+ {[%emt 0:00:45]} 63. Kg1 {[%emt 0:00:06]} Nc4 {[%emt 0:00:11]} 64. Kg2 {[%emt 0:00:48]} Nd6 {[%emt 0:00:11]} 65. Bc6 {[%emt 0:00:16]} Nf5 {[%emt 0:00:13]} 66. Bb7 {[%emt 0:00:14]} Nh4+ {[%emt 0:00:10]} 67. Kg1 {[%emt 0:00:08]} Ke3 {[%emt 0:00:08]} 68. Bc6 {[%emt 0:00:32]} Nf3+ {[%emt 0:00:08]} 69. Bxf3 {[%emt 0:00:23]} Kxf3 {[%emt 0:00:01]} 70. Kf1 {[%emt 0:00:01]} g2+ {[%emt 0:00:10]} 71. Kg1 {[%emt 0:00:07]} Kg3 1/2-1/2

[Event "Shropshire Chess Congress 2019"]
[Site "Telford"]
[Date "2019.01.06"]
[Round "4"]
[White "Bin-Suhayl, Ieysaa"]
[Black "Ferrington, Nigel M"]
[Result "1/2-1/2"]
[WhiteElo "2095"]
[BlackElo "2128"]
[Annotator "NA"]
[PlyCount "63"]
[EventDate "2019.01.04"]
[EventType "swiss"]
[EventCountry "GBR"]
[SourceTitle "playchess.com"]
[Source "ChessBase"]
[SourceQuality "1"]
[TimeControl "5400+30"]

1. d4 {[%emt 0:00:00]} Nf6 {[%emt 0:00:00]} 2. c4 {[%emt 0:00:00]} g6 {[%emt 0:00:00]} 3. Nc3 {[%emt 0:00:00]} Bg7 {[%emt 0:00:00]} 4. e4 {[%emt 0:00:00]} d6 {[%emt 0:00:00]} 5. f3 {[%emt 0:00:00]} O-O {[%emt 0:00:06]} 6. Be3 {[%emt 0:00:00]} c5 {[%emt 0:00:18]} 7. d5 {[%emt 0:02:16]} e6 {[%emt 0:00:20]} 8. Qd2 {[%emt 0:00:38]} exd5 {[%emt 0:00:19]} 9. cxd5 {[%emt 0:00:06]} a6 {[%emt 0:02:12]} 10. a4 {[%emt 0:00:08]} Nbd7 {[%emt 0:00:46]} 11. Nh3 {[%emt 0:00:45]} Ne5 {[%emt 0:12:29]} 12. Nf2 {[%emt 0:00:04]} Ne8 {[%emt 0:03:31]} 13. Be2 {[%emt 0:05:20]} f5 {[%emt 0:01:04]} 14. O-O {[%emt 0:01:16]} Bd7 {[%emt 0:06:51]} 15. a5 {[%emt 0:24:50]} Qe7 {[%emt 0:07:27]} 16. Na4 {[%emt 0:09:22]} Bxa4 {[%emt 0:03:54]} 17. Rxa4 {[%emt 0:00:04]} Rc8 {[%emt 0:05:26]} 18. Nd3 {[%emt 0:06:54]} Nxd3 {[%emt 0:01:33]} 19. Bxd3 {[%emt 0:00:05]} fxe4 {[%emt 0:01:26]} 20. Rxe4 {[%emt 0:02:13]} Qc7 {[%emt 0:07:44]} 21. Bg5 {[%emt 0:13:19]} Nf6 {[%emt 0:06:00]} 22. Re6 {[%emt 0:00:44]} c4 {[%emt 0:02:07]} 23. Be4 {[%emt 0:10:56]} Nxe4 {[%emt 0:01:25]} 24. Rxe4 {[%emt 0:02:24]} c3 {[%emt 0:03:44]} 25. bxc3 {[%emt 0:01:13]} Bxc3 {[%emt 0:02:39]} 26. Qd3 {[%emt 0:00:30]} Qxa5 {[%emt 0:02:01]} 27. Re7 {[%emt 0:01:52]} Qc5+ {[%emt 0:04:01]} 28. Be3 {[%emt 0:00:08]} Qc4 {[%emt 0:01:11]} 29. Qxc4 {[%emt 0:00:19]} Rxc4 {[%emt 0:00:20]} 30. Rxb7 {[%emt 0:00:32]} Bd4 {[%emt 0:00:26]} 31. Bxd4 {[%emt 0:00:15]} Rxd4 {[%emt 0:00:04]} 32. Rb6 {[%emt 0:00:25]} 1/2-1/2

[Event "Shropshire Chess Congress 2019"]
[Site "Telford"]
[Date "2019.01.06"]
[Round "4"]
[White "Anderson, Peter"]
[Black "Hebden, Mark L"]
[Result "0-1"]
[WhiteElo "1980"]
[BlackElo "2435"]
[Annotator "TA"]
[PlyCount "110"]
[EventDate "2019.01.04"]
[EventType "swiss"]
[EventCountry "GBR"]
[SourceTitle "playchess.com"]
[Source "ChessBase"]
[SourceQuality "1"]

{[%evp 23,110,46,56,71,57,38,30,0,26,33,29,10,28,5,19,22,26,21,20,-11,-9,-7,-15,-13,-9,-27,-22,-33,-14,-81,-49,-62,-70,-62,-66,-66,-66,-66,-64,-67,-76,-74,-74,-74,-74,-74,-72,-63,-76,-79,-70,-63,-68,-66,-68,-85,-57,-127,0,0,0,0,0,0,10,0,250,229,237,252,498,395,553,549,495,-5285,-977,-29970,-7541,-29973,-29974,-29973,-29969,-29987,-29988,-29991,-29990,-29990,-29991]} 1. d4 Nf6 2. c4 g6 3. Nc3 Bg7 4. e4 d6 5. Nf3 O-O 6. Be2 e5 7. Be3 Ng4 8. Bg5 f6 9. Bh4 Nc6 10. d5 Ne7 11. Nd2 Nh6 12. g4 Nf7 {LiveBook: 9 Games. E92: King's Indian: Classical: 6 Be2 e5: 7 dxe5, 7 Be3 and Petrosian System without 7...Nbd7} 13. f3 c6 {[#]} 14. Nf1 $146 ({Predecessor:} 14. Qc2 a6 15. a4 Qc7 16. a5 f5 17. Bf2 Bh6 18. Bb6 Qb8 19. Rg1 fxg4 20. fxg4 {0-1 (41) Ivanchuk,V (2625)-Yermolinsky,A (2460) Frunze 1988}) 14... a6 {White is slightly better.} 15. Qd3 cxd5 16. cxd5 Bd7 17. Ne3 b5 18. a3 Ng5 19. h3 {[%cal Bh2h3,Bh3h4][%mdl 32]} Bh6 20. Bf2 f5 21. h4 fxe4 22. fxe4 Nf3+ 23. Bxf3 $1 Rxf3 24. g5 Bg7 25. Qe2 Rf7 26. Nc2 (26. O-O $11) 26... Qc8 27. Be3 Bg4 28. Qd3 $1 Bf3 $1 {[%cal Rf3h1]} 29. Rh2 Qg4 $1 {[%cal Rg4g3] ...Qg3+ is the strong threat.} 30. Kd2 $1 Rc8 {Strongly threatening ...Rxc3!} 31. Rg1 {[#]} Rxc3 $1 {[%mdl 576] Remove Defender} 32. bxc3 Qxe4 33. Qxe4 Bxe4 34. a4 Nxd5 35. axb5 axb5 {And now ...Bxc2 would win.} 36. Nb4 Nxb4 37. cxb4 d5 {Hoping for ...d4.} 38. Bc5 d4 39. Ra1 $1 Bd5 40. Ra5 {[#]} (40. Ra6 $1 $15) 40... h5 ({Black should play} 40... e4 $1 $17 {White must now prevent ...Be5.} 41. Rxb5 Rf3 42. Rb8+ Kf7) 41. Rxb5 $11 Bc4 42. Rb8+ Kh7 {Threatens to win with ...e4.} 43. Rd8 Rf3 44. Kc2 d3+ $2 (44... Ra3 $11 {and Black is okay.} 45. Kb1 Rf3) 45. Kd2 $18 e4 46. Re8 Bd5 $2 (46... Rf4 {was necessary.} 47. Bd6 (47. Ke3 Rf1 $16) 47... Rf1 48. Rxe4 Bb5) 47. b5 {[%cal Bb4b5,Bb5b6][%mdl 32]} Rf7 48. b6 Bc6 49. Rf2 $4 {[%mdl 8192]} (49. Rc8 $18 Bb7 50. Rd8) 49... Bxe8 (49... Rxf2+ $142 50. Bxf2 Bxe8) 50. Rxf7 Bxf7 51. b7 Be5 {Black mates.} 52. Ba7 Bf4+ 53. Kc3 d2 54. Be3 d1=Q 55. Bxf4 Qf3+ {[%mdl 64] Double Attack. Accuracy: White = 47%, Black = 55%.} 0-1

[Event "Shropshire Chess Congress 2019"]
[Site "Telford"]
[Date "2019.01.06"]
[Round "4"]
[White "Paul, Nathanael"]
[Black "Gonda, Laszlo"]
[Result "1/2-1/2"]
[WhiteElo "1925"]
[BlackElo "2531"]
[Annotator "TA"]
[PlyCount "98"]
[EventDate "2019.01.04"]
[EventType "swiss"]
[EventCountry "GBR"]
[SourceTitle "playchess.com"]
[Source "ChessBase"]
[SourceQuality "1"]

{[%evp 17,98,0,0,0,0,-5,-12,6,-5,-35,2,-7,14,20,45,49,46,8,21,-17,-7,-28,0,-6,0,-5,0,0,43,0,37,26,23,4,22,0,18,18,45,0,8,-20,-7,-18,17,13,13,25,14,13,24,35,46,28,22,-8,0,0,16,0,24,20,18,21,23,-18,-7,-17,-10,-19,-8,0,-5,-13,-4,-73,0,0,0,0,2,-64,-68]} 1. e4 c5 2. Nf3 e6 3. d4 cxd4 4. Nxd4 a6 5. Nc3 Qc7 6. Bd3 Nf6 7. f4 d6 {[%cal Bd7d6,Bd6d5][%mdl 32]} 8. Qf3 Nbd7 9. Bd2 {B82: Sicilian Scheveningen: 6 f4} (9. g4 Nc5 10. g5 Nfd7 11. Bd2 g6 12. f5 Ne5 13. Qe2 Bg7 14. f6 Bf8 15. O-O-O b5 16. a3 Rb8 {½-½ (24) Vovk,A (2606)-David,A (2584) Trieste 2015}) 9... b5 {[%cal Bb7b5,Bb5b4][%mdl 32] LiveBook: 3 Games} 10. g4 b4 $146 ({Predecessor:} 10... h6 11. O-O-O Bb7 12. Kb1 Nc5 13. Rhe1 O-O-O 14. g5 b4 15. gxf6 bxc3 16. Bxc3 gxf6 {1-0 (37) Lanka,Z (2469)-Rusche,J (2233) Austria 2012}) 11. Nce2 {Strongly threatening g5.The position is equal.} d5 12. e5 Ne4 $1 13. O-O-O (13. Be3 {feels hotter.} Be7 14. O-O O-O 15. c4 bxc3 16. Nxc3 Ndc5 17. Bc2) 13... Nxd2 (13... Be7 {is more complex.} 14. h4 a5 15. h5 O-O 16. Kb1 a4) 14. Rxd2 Be7 15. Kb1 Bb7 16. h4 Qb6 17. Rh3 O-O-O 18. Qg3 Kb8 19. Rd1 Ka8 20. h5 Nc5 21. Nb3 Ne4 22. Qe3 Qc7 23. Ng3 {[%cal Rd3e4]} (23. g5 {keeps more tension.} a5 24. Bb5 Rc8 25. Ned4 f6 26. gxf6 gxf6 27. Qe2) 23... Nxg3 (23... Nc5 {with more complications.} 24. h6 g6 25. Nd4 Rc8 26. Nge2 Qb6) 24. Qxg3 h6 25. Rhh1 Qb6 26. g5 a5 27. Qg1 Qc7 28. Nd4 (28. g6 $5 {[%cal Rg6f7]} f6 29. exf6 Bxf6 30. Qc5 Qxc5 31. Nxc5 $11) 28... Bc5 29. Qe3 Qb6 30. Be2 Rdf8 31. Qd2 Rc8 32. Rh3 Ba6 33. Bg4 Rc7 34. g6 Bc8 35. Nb3 fxg6 36. Nxc5 Qxc5 37. hxg6 Rf8 38. Rf3 Qc4 39. Rdf1 Qe4 40. Bh3 Rc4 41. Qd3 Kb8 42. b3 Qxd3 43. cxd3 Rc3 44. f5 $36 {[%mdl 2048] White is more active.} exf5 45. Bxf5 Ba6 46. e6 {[#]} (46. Kb2 $11 {remains equal.}) 46... Kc7 ({Better is} 46... Rxf5 $1 $17 {[%mdl 512]} 47. Rxf5 Bxd3+ {[%mdl 64] Double Attack} 48. Ka1 Bxf1 49. Rxf1 Kc7 50. Rf7+ Kd6) 47. e7 $11 Re8 48. Re1 Rc6 49. Bh3 (49. d4 $11) 49... Rxg6 {Accuracy: White = 37%, Black = 59%.} 1/2-1/2

[Event "Shropshire Chess Congress 2019"]
[Site "Telford"]
[Date "2019.01.06"]
[Round "4"]
[White "Hilton, Tim"]
[Black "Edge, John"]
[Result "1-0"]
[WhiteElo "1781"]
[BlackElo "1972"]
[Annotator "NA"]
[PlyCount "61"]
[EventDate "2019.01.04"]
[EventType "swiss"]
[EventCountry "GBR"]
[SourceTitle "playchess.com"]
[Source "ChessBase"]
[SourceQuality "1"]
[TimeControl "5400+30"]

1. c4 {[%emt 0:00:39]} e5 {[%emt 0:00:00]} 2. Nc3 {[%emt 0:00:08]} d6 {[%emt 0:00:00]} 3. d4 {[%emt 0:00:12]} Be7 {[%emt 0:04:33]} 4. Nf3 {[%emt 0:00:53]} exd4 {[%emt 0:10:36]} 5. Qxd4 {[%emt 0:02:19]} Nf6 {[%emt 0:08:57]} 6. b3 {[%emt 0:03:00]} Nc6 {[%emt 0:03:27]} 7. Qd2 {[%emt 0:00:08]} Bf5 {[%emt 0:02:41]} 8. Bb2 {[%emt 0:02:14]} O-O {[%emt 0:06:05]} 9. g3 {[%emt 0:09:04]} Re8 10. Bg2 {[%emt 0:02:23]} Ne4 {[%emt 0:08:34]} 11. Nxe4 {[%emt 0:01:49]} Bxe4 {[%emt 0:00:05]} 12. O-O {[%emt 0:06:03]} Bf6 {[%emt 0:01:03]} 13. Rac1 {[%emt 0:03:30]} a5 {[%emt 0:02:17]} 14. Rfd1 {[%emt 0:01:12]} Qe7 {[%emt 0:00:56]} 15. a3 {[%emt 0:05:20]} h6 {[%emt 0:00:38]} 16. e3 {[%emt 0:01:08]} Rad8 {[%emt 0:07:00]} 17. b4 {[%emt 0:03:04]} axb4 {[%emt 0:01:33]} 18. axb4 {[%emt 0:00:05]} Ra8 {[%emt 0:03:07]} 19. Ra1 {[%emt 0:01:15]} Qe6 {[%emt 0:01:35]} 20. b5 {[%emt 0:02:13]} Rxa1 {[%emt 0:21:33]} 21. Rxa1 {[%emt 0:00:12]} Ne5 {[%emt 0:07:20]} 22. Nxe5 {[%emt 0:04:54]} Bxg2 {[%emt 0:01:37]} 23. Kxg2 {[%emt 0:00:09]} Bxe5 {[%emt 0:01:03]} 24. Bxe5 {[%emt 0:05:40]} Qxe5 {[%emt 0:00:01]} 25. Qd4 {[%emt 0:00:44]} Qe4+ {[%emt 0:01:49]} 26. Kg1 {[%emt 0:02:16]} Qc2 {[%emt 0:02:00]} 27. Ra7 {[%emt 0:03:43]} Re4 {[%emt 0:00:38]} 28. Qd5 {[%emt 0:01:32]} Qxc4 {[%emt 0:00:40]} 29. Ra8+ {[%emt 0:01:12]} Kh7 {[%emt 0:00:09]} 30. Qf5+ {[%emt 0:00:11]} g6 {[%emt 0:00:15]} 31. Qf6 {[%emt 0:00:18]} 1-0

[Event "Shropshire Chess Congress 2019"]
[Site "Telford"]
[Date "2019.01.06"]
[Round "5"]
[White "Berczes, David"]
[Black "Gonda, Laszlo"]
[Result "1/2-1/2"]
[WhiteElo "2472"]
[BlackElo "2531"]
[Annotator "TA"]
[PlyCount "26"]
[EventDate "2019.01.04"]
[EventType "swiss"]
[EventCountry "GBR"]
[SourceTitle "playchess.com"]
[Source "ChessBase"]
[SourceQuality "1"]

{[%evp 17,26,34,62,-11,-7,0,6,10,8,8,8]} 1. d4 d5 2. Bf4 c5 3. e3 cxd4 4. exd4 Nc6 5. c3 Nf6 6. Nd2 g6 7. Ngf3 Bg7 8. Bd3 O-O 9. O-O Bf5 {LiveBook: 25 Games. B13: Caro-Kann: Exchange Variation and Panov-Botvinnik Attack} 10. Qe2 (10. Bxf5 $14 gxf5 11. Ne1) (10. Bxf5 gxf5 11. Ne1 e6 12. Nd3 Ne7 13. h3 Ng6 14. Bh2 Kh8 15. a4 Rg8 16. Nf3 Ne4 17. Nfe5 Qe7 18. Nxg6+ hxg6 {0-1 (52) Vocaturo,D (2620)-Dvirnyy,D (2537) Chianciano Terme 2018}) 10... Bxd3 {The position is equal.} 11. Qxd3 e6 12. h3 Nh5 $146 ({Predecessor:} 12... Nd7 13. Rfe1 Rc8 14. Rad1 Qb6 15. Qb1 Qa6 16. Nb3 Rfe8 17. Nc1 b5 18. Nd3 f6 19. Be3 {½-½ (61) Arjun,S (2004)-Mithil,A (2258) Pune 2014}) 13. Bh2 Bh6 1/2-1/2

[Event "Shropshire Chess Congress 2019"]
[Site "Telford"]
[Date "2019.01.06"]
[Round "5"]
[White "Hebden, Mark L"]
[Black "Bin-Suhayl, Ieysaa"]
[Result "1/2-1/2"]
[WhiteElo "2435"]
[BlackElo "2095"]
[Annotator "TA"]
[PlyCount "31"]
[EventDate "2019.01.04"]
[EventType "swiss"]
[EventCountry "GBR"]
[SourceTitle "playchess.com"]
[Source "ChessBase"]
[SourceQuality "1"]

{[%evp 9,31,0,0,0,16,0,0,0,0,0,0,0,0,0,0,0,0,0,0,0,0,0,0,0]} 1. d4 Nf6 2. Bf4 c5 3. d5 (3. e3 Qb6 4. Nc3 a6 5. Bc4 cxd4 6. exd4 e6 7. Nge2 d5 8. Bb3 Bd7 9. O-O Be7 10. Qe1 O-O 11. Rd1 Nc6 {1-0 (23) Aronian,L (2767)-Giri,A (2782) chess.com INT 2018}) 3... e6 4. Nc3 Nxd5 5. Nxd5 exd5 {The position is equal.} 6. Qxd5 {A45: Trompowsky Attack} Qf6 $146 ({Predecessor:} 6... d6 7. O-O-O Qb6 8. Qb3 Be6 9. Qxb6 axb6 10. a3 d5 11. e3 Be7 12. Bc7 O-O 13. Ne2 Rc8 {½-½ (13) Neelash,S (2319)-Munoz Pantoja,M (2500) Barbera del Valles 2018}) 7. e3 Qxb2 8. Be5 Qb4+ ({Much weaker is} 8... Qxc2 $6 9. Bd3 $16) 9. c3 Qb2 10. Rd1 $1 {[#] Threatens to win with Bc4.} d6 11. Bxd6 Qxc3+ 12. Rd2 $1 Qc1+ 13. Rd1 Qc3+ 14. Rd2 $1 Qc1+ 15. Rd1 Qc3+ 16. Rd2 $1 1/2-1/2

[Event "Shropshire Chess Congress 2019"]
[Site "Telford"]
[Date "2019.01.06"]
[Round "5"]
[White "Maciol, Ryszard"]
[Black "Ghasi, Ameet K"]
[Result "0-1"]
[WhiteElo "2163"]
[BlackElo "2505"]
[Annotator "TA"]
[PlyCount "64"]
[EventDate "2019.01.04"]
[EventType "swiss"]
[EventCountry "GBR"]
[SourceTitle "playchess.com"]
[Source "ChessBase"]
[SourceQuality "1"]

{[%evp 12,64,35,22,29,10,2,0,4,11,15,0,0,0,0,0,0,-57,-44,-51,-52,-60,-63,-81,-81,-77,-39,-96,-66,-86,-85,-73,-92,-129,-70,-172,-156,-151,-154,-143,-147,-143,-141,-141,-138,-244,-234,-909,-909,-868,-842,-1462,-1511,-29992,-29993]} 1. d4 Nf6 2. c4 g6 3. Nc3 Bg7 4. e4 d6 5. f3 O-O 6. Nge2 a6 7. Ng3 {LiveBook: 5 Games. E81: King's Indian: Sämisch: 6th move deviations (including 6 Be3 c6)} (7. Be3 b5 8. cxb5 axb5 9. Nxb5 Nbd7 10. Qd2 c6 11. Nbc3 e5 12. O-O-O Qa5 13. Bh6 Nb6 14. Bxg7 Kxg7 15. dxe5 dxe5 {0-1 (34) Duda,J (2737)-Grischuk,A (2766) chess.com INT 2018}) 7... c6 8. a4 a5 9. Be3 {The position is equal.} Na6 10. Qd2 e5 11. Rd1 $146 {Strongly threatening dxe5.} ({Predecessor:} 11. Be2 Qc7 12. O-O h5 13. Rfd1 h4 14. Nh1 Nh5 15. d5 Nc5 16. Ra3 Nf4 17. dxc6 bxc6 18. Qxd6 Qxd6 19. Rxd6 {½-½ (90) Zmarzly,A (2026)-Newrkla,K (2105) Chotowa 2010}) 11... exd4 12. Bxd4 Be6 13. Be2 Nc5 14. Bf2 (14. Qe3 $11 Qb6 15. e5) 14... Qb6 $15 15. Qxd6 Qxb2 16. Bxc5 {aiming for Qd2.} Qxc3+ 17. Kf2 Nd7 18. Be3 Rfe8 19. f4 (19. Rb1 $15) 19... Bf8 20. Qd2 Qxd2 21. Rxd2 {next f5 is good for White.} Nc5 22. f5 {[#]} Bc8 ({Black should play} 22... Bxf5 $1 $17 {[%mdl 512]} 23. exf5 Rxe3 24. Kxe3 Bh6+ {[%mdl 64] Skewer} 25. Kf3 Bxd2) 23. h4 (23. Rhd1 $15) 23... gxf5 ({Avoid the trap} 23... Nxe4+ $2 24. Nxe4 Rxe4 25. Rd8 $18) 24. Bxc5 Bxc5+ 25. Kf3 fxe4+ 26. Nxe4 {[#]} Bg4+ $1 {[%mdl 576] Deflection, Decoy} 27. Kxg4 Rxe4+ 28. Kf3 (28. Kh3 $17) 28... Rae8 $19 29. Bd3 $2 (29. Bd1) 29... Re3+ 30. Kg4 {[#]} h5+ $1 {[%mdl 512]} 31. Kxh5 Rg3 {( -> ...Re5+)} 32. Rf1 Kg7 {Accuracy: White = 32%, Black = 82%.} 0-1